Analýza demografických udalostí v podnikoch na Slovensku za roky 2008 až 2019

Analýza podnikateľskej sféry na Slovensku s dôrazom na jej zmeny spôsobené vznikom a zánikom podnikov v rokoch 2008 až 2019 ako demografickými udalosťami, najmä z pohľadu zamestnanosti vo vzniknutých a zaniknutých podnikoch. Analýza ukazovateľov s využitím anonymizovaných údajov zo zisťovania Demogr...

Descripción completa

Guardado en:
Detalles Bibliográficos
Autor principal: Vojtková, Mária, 1966-
Formato: Capítulo de libro
Lenguaje:eslovaco
Materias:
Etiquetas: Agregar Etiqueta
Sin Etiquetas, Sea el primero en etiquetar este registro!

MARC

LEADER 00000naa$a2200000$$$4500
001 0280054
005 20240502074338.2
041 0 |a slo 
044 |a SK 
245 1 0 |a Analýza demografických udalostí v podnikoch na Slovensku za roky 2008 až 2019  |c Mária Vojtková 
520 |a Analýza podnikateľskej sféry na Slovensku s dôrazom na jej zmeny spôsobené vznikom a zánikom podnikov v rokoch 2008 až 2019 ako demografickými udalosťami, najmä z pohľadu zamestnanosti vo vzniknutých a zaniknutých podnikoch. Analýza ukazovateľov s využitím anonymizovaných údajov zo zisťovania Demografia podnikov Štatistického úradu SR, ktoré poskytuje kľúčové informácie pre politické rozhodovanie v oblasti podnikania, informácie na podporu stratégie Európa 2020 a údaje pre spoločný program Eurostatu a OECD pre ukazovatele podnikania EIP – Entrepreneurship Indicators Programme. 
610 2 0 |a demografia ekonomická 
610 2 0 |a štatistika ekonomická 
610 2 0 |a ukazovatele ekonomické 
610 2 0 |a prostredie podnikateľské 
610 2 0 |a založenie podniku 
610 2 0 |a zrušenie podniku 
610 2 0 |a zamestnanosť 
610 2 0 |a Slovensko 
100 1 |a Vojtková, Mária, 1966-